000 01455cac a2200337 i 4500
003 EG-GICUC
005 20260121101730.0
008 070201s1996 sz a fr i100 0 eng d
020 _a2881450288
020 _a9782881450280
040 _aCStclU-L
_cCStclU-L
_dPU-L
_dCStRLIN
_dDLC
_dEG-GICUC
_beng
_erda
050 0 0 _aKZ6462.G465
_bO76 1996
082 0 4 _221
_a341.73
092 0 4 _221
099 _aLaw 11 1996
130 0 _aGeneva Conventions
_d(1949 August 12).
_kProtocols, etc.
_d(1977 June 10)
245 1 0 _aProtocols additional to the Geneva Conventions of 12 August 1949 :
_bresolutions of the 1974-77 Diplomatic Conference : extracts from the final act of the 1974-77 Diplomatic Conference.
264 _aGeneva :
_bInternational Committee of the Red Cross,
_c1996.
300 _a134 pages :
_billustrations ;
_c23 cm.
336 _atext
_2rdacontent
337 _aComputer
_2rdamedia
338 _aOnline Resource
_2rdacarrier
650 0 _aPrisoners of war
_xLegal status, laws, etc.
650 0 _aWar
_xProtection of civilians.
650 0 _aCombatants and noncombatants (International law)
710 2 _aInternational Committee of the Red Cross.
711 2 _aDiplomatic Conference on the Reaffirmation and Development of International Humanitarian Law Applicable in Armed Conflicts
_d(1974-1977 :
_cGeneva, Switzerland)
856 4 0 _uhttps://fll.law.cu.edu.eg/fulltext/bks/ENGB11-00069.pdf
905 _a10
942 _2ddc
_cBK
_e21
_n0
999 _c57216
_d57216